| 000 | 00544nam a2200169Ia 4500 | ||
|---|---|---|---|
| 003 | OSt | ||
| 005 | 20200602114825.0 | ||
| 008 | 190216s9999||||xx |||||||||||||| ||und|| | ||
| 020 | _a9788125027300 | ||
| 040 | _coclc | ||
| 082 |
_a330.954 _bRAY/C |
||
| 100 |
_aRaychaudhuri, Tapan _92467 |
||
| 245 | 0 |
_aThe Cambridge Economic History Of India Vol - 1 (1200-1750) / _cTapan Raychaudhuri ; Irfan Habib |
|
| 260 |
_bOrient Longman, _aNew Delhi: _c2004. |
||
| 300 | _a543p | ||
| 942 |
_cBK _2ddc _h330.954 _iRAY/C _k330.954 _mRAY/C |
||
| 999 |
_c21049 _d21049 |
||